नारायण गणेश चंदावरकर (Record no. 948670)

MARC details
000 -LEADER
fixed length control field 00423nam a2200133Ia 4500
008 - FIXED-LENGTH DATA ELEMENTS--GENERAL INFORMATION
fixed length control field 151001s9999||||xx |||||||||||||| ||und||
100 ## - MAIN ENTRY--PERSONAL NAME
Personal name द्वारकानाथ गोविंद वैद्य
245 ## - TITLE STATEMENT
Title नारायण गणेश चंदावरकर
250 ## - EDITION STATEMENT
Edition statement 1
260 ## - PUBLICATION, DISTRIBUTION, ETC. (IMPRINT)
Name of publisher, distributor, etc कर्नाटक पब्लिशिंग हाउस
260 ## - PUBLICATION, DISTRIBUTION, ETC. (IMPRINT)
Date of publication, distribution, etc 1937
300 ## - PHYSICAL DESCRIPTION
Extent 637
365 ## - TRADE PRICE
Price amount 8.5

No items available.